| 000 | 00692nam a2200229 a 4500 | ||
|---|---|---|---|
| 001 | 16427 | ||
| 003 | CO-ViMGA | ||
| 008 | 141112s2004 ck r 000 u spa d | ||
| 020 | _a9583007978 | ||
| 040 |
_aCO-ViMGA _bspa _cCO-ViMGA |
||
| 082 | _aRODbc | ||
| 100 | 1 | _aRodriguez, Antonio Orlando | |
| 245 | 1 | 0 | _aMi bicicleta es un hada y otros secretos por el estilo |
| 260 |
_aBogotá : _bPanAméricana, _c2001 |
||
| 300 | _a68.p.il. | ||
| 490 | _aQue pase el tren | ||
| 590 | _aForma de adquisición : Premio - Mincultura | ||
| 650 | 1 | 4 |
_aCUENTOS INFANTILES CUBANOS _93166 |
| 650 | 1 | 4 |
_aSUEÑOS - CUENTOS INFANTILES _93977 |
| 650 | 1 | 4 |
_aVIAJES - CUENTOS INFANTILES _93978 |
| 942 |
_2ddc _cBK |
||
| 999 |
_c10450 _d10450 |
||